000 00832nam a2200265Ia 4500
003 OSt
005 20220923211133.0
006 a|||||r|||| 00| 0
007 ta
008 220922b |||||||| |||| 00| 0 hin d
020 _a8185469733 (hb)
024 _a230,839
037 _cTextual
040 _aARTS
_cARTS
_bhin
041 _2hin
_ahin
082 _aO152,3N58x, N6
100 _aदेवेन्द्र
_9158621
245 0 _aशहर कोतवाल की कविता
246 _a Shahar kotavāl kī kavitā
260 _aपंचकूला
_b आधार प्रकाशन
_c1996
300 _a118पृ.
_ccm.
650 _aहिन्दी साहित्य
_9156264
942 _hO152,3N58x, N6
_cTEXL
_2CC
999 _c295793
_d295793